[Event "4NCL/Div4/AMCAH vs. BRI2"]
[Site "Birmingham ENG"]
[Date "2007.10.27"]
[Round "1.2"]
[White "Littlejohns, David P"]
[Black "Chapman, Timothy J"]
[Result "1-0"]
[WhiteElo "2080"]
[BlackElo "1815"]
[PlyCount "113"]
[EventDate "2007.10.27"]
[EventType "team"]
[EventRounds "11"]
[EventCountry "ENG"]
[SourceDate "2007.09.15"]

1. e4 e5 2. Nf3 Nc6 3. Bb5 Nf6 4. O-O Nxe4 5. Re1 Nd6 6. Nxe5 Be7 7. Bxc6 dxc6
8. Qe2 Be6 9. Nc3 Nf5 10. Nf3 O-O 11. d3 Nd4 12. Nxd4 Qxd4 13. Be3 Qd7 14. Ne4
Rfe8 15. Qd2 b6 16. Re2 Rad8 17. Rae1 c5 18. Qc1 Bd5 19. Bg5 Bc6 20. Bxe7 Qxe7
21. Qf4 Qe5 22. Qxe5 Rxe5 23. f4 Ree8 24. Kf2 f6 25. b3 Kf7 26. g3 h6 27. g4
Bd7 28. f5 g6 29. fxg6+ Kxg6 30. Kg3 f5 31. gxf5+ Bxf5 32. Nc3 Rxe2 33. Rxe2
Rd7 34. Ne4 Rf7 35. Rf2 Be6 36. Rxf7 Kxf7 37. Kf4 Ke7 38. Ke5 c6 39. Ng3 Bg4
40. Nf5+ Kd7 41. Nxh6 Bd1 42. c3 Bc2 43. h4 Bxd3 44. Nf5 Be2 45. Ng3 Bd3 46. h5
Ke7 47. Nf5+ Kf7 48. Nd6+ Kg7 49. Nc8 Bb1 50. a3 Ba2 51. Nxa7 Bxb3 52. Nxc6 Kh6
53. Kd6 c4 54. Nb4 Ba4 55. Nd5 b5 56. Nb6 Bd1 57. Kc5 1-0

[Event "4NCL/Div4/AMCAH vs. BRI2"]
[Site "Birmingham ENG"]
[Date "2007.10.27"]
[Round "1.3"]
[White "Jerzynek, Neil"]
[Black "Meek, Stephen J"]
[Result "0-1"]
[WhiteElo "1755"]
[BlackElo "2060"]
[PlyCount "56"]
[EventDate "2007.10.27"]
[EventType "team"]
[EventRounds "11"]
[EventCountry "ENG"]
[SourceDate "2007.09.15"]

1. e4 c5 2. Nf3 Nc6 3. d4 cxd4 4. Nxd4 Nf6 5. Nc3 e5 6. Ndb5 d6 7. Bg5 a6 8.
Na3 b5 9. Nd5 Be7 10. Bxf6 Bxf6 11. c3 O-O 12. Nc2 Bg5 13. Bd3 Ne7 14. Nce3
Bxe3 15. Nxe3 Bb7 16. O-O d5 17. exd5 Nxd5 18. Nxd5 Qxd5 19. Bxh7+ Kxh7 20.
Qh5+ Kg8 21. Qg5 Rad8 22. h4 f6 23. Qg3 Qd2 24. h5 Qf4 25. Qh3 Bc8 26. Qh1 Bg4
27. Rae1 Qg5 28. g3 Qxh5 0-1

[Event "4NCL/Div4/AMCAH vs. BRI2"]
[Site "Birmingham ENG"]
[Date "2007.10.27"]
[Round "1.4"]
[White "Bass, John W"]
[Black "Meechan, Catriona"]
[Result "1-0"]
[WhiteElo "2094"]
[BlackElo "1710"]
[PlyCount "71"]
[EventDate "2007.10.27"]
[EventType "team"]
[EventRounds "11"]
[EventCountry "ENG"]
[SourceDate "2007.09.15"]

1. d4 g6 2. Nf3 Bg7 3. c4 d6 4. Nc3 c6 5. e4 Nd7 6. Be2 Qc7 7. Be3 Ngf6 8. h3
O-O 9. O-O e5 10. Qc2 h6 11. Rfd1 Kh7 12. Rac1 exd4 13. Nxd4 Re8 14. b4 a6 15.
Nb3 Ne5 16. f4 Ned7 17. Bf3 c5 18. bxc5 Nxc5 19. Nxc5 dxc5 20. Qf2 Bf8 21. e5
Ng8 22. Nd5 Qa5 23. Qb2 Rb8 24. Bd2 Qd8 25. Bc3 Bd7 26. Nb6 Re7 27. Bg4 Bg7 28.
Nxd7 Rxd7 29. Rxd7 Qe8 30. e6 f6 31. Rcd1 h5 32. Bxf6 Nxf6 33. Qxf6 Qf8 34.
Rxg7+ Qxg7 35. Rd7 Qxd7 36. exd7 1-0

[Event "4NCL/Div4/AMCAH vs. BRI2"]
[Site "Birmingham ENG"]
[Date "2007.10.27"]
[Round "1.5"]
[White "Andreev, Peter"]
[Black "Mayhew, Andrew"]
[Result "0-1"]
[WhiteElo "1705"]
[BlackElo "2015"]
[PlyCount "106"]
[EventDate "2007.10.27"]
[EventType "team"]
[EventRounds "11"]
[EventCountry "ENG"]
[SourceDate "2007.09.15"]

1. e4 c5 2. Nf3 d6 3. d4 cxd4 4. Nxd4 Nf6 5. Nc3 a6 6. h3 g6 7. Be3 Bg7 8. Bc4
Qc7 9. Bb3 Nbd7 10. O-O O-O 11. f4 b5 12. Re1 Bb7 13. Bf2 b4 14. Nd5 Nxd5 15.
Bxd5 Bxd5 16. exd5 Nb6 17. Nc6 e6 18. Nxb4 a5 19. Nd3 Nxd5 20. c3 Qc4 21. Qf3
Rfc8 22. Bg3 Qa6 23. Rac1 Rab8 24. Red1 Rc4 25. Be1 Rc7 26. Qf2 Nf6 27. Qd4 d5
28. Rb1 Ne4 29. Qe3 Rcb7 30. Nf2 Nd6 31. Nd3 Nc4 32. Qf2 Bf8 33. Qe2 Na3 34.
Rbc1 Rxb2 35. Qe5 Bd6 36. Qd4 Rxa2 37. Nc5 Bxc5 38. Qxc5 Rbb2 39. Bf2 Rxf2 40.
Qxf2 Rxf2 41. Kxf2 Nc4 42. Ra1 Qb6+ 43. Kg3 Qe3+ 44. Kh2 Qxf4+ 45. Kh1 Ne3 46.
Rd2 Nf5 47. Raa2 Ng3+ 48. Kg1 h5 49. Rf2 Qc1+ 50. Kh2 h4 51. Ra1 Qxa1 52. Rf1
Qxf1 53. c4 Qh1# 0-1

[Event "4NCL/Div4/PONTY vs. GUI5"]
[Site "Birmingham ENG"]
[Date "2007.10.27"]
[Round "1.1"]
[White "Sully, David"]
[Black "Shaw, Matthew"]
[Result "1-0"]
[WhiteElo "2135"]
[BlackElo "1935"]
[PlyCount "47"]
[EventDate "2007.10.27"]
[EventType "team"]
[EventRounds "11"]
[EventCountry "ENG"]
[SourceDate "2007.09.15"]

1. e4 d6 2. d4 Nf6 3. Nc3 g6 4. g3 Bg7 5. Bg2 O-O 6. Nge2 c5 7. h3 Nc6 8. d5
Ne5 9. O-O e6 10. f4 Nc4 11. dxe6 fxe6 12. Qd3 Nb6 13. a4 a5 14. Be3 c4 15. Qd2
d5 16. e5 Ne8 17. g4 Bh6 18. Ng3 Bd7 19. f5 Bxe3+ 20. Qxe3 gxf5 21. gxf5 exf5
22. Nxd5 f4 23. Nxf4 Bxa4 24. Ne6 1-0

[Event "4NCL/Div4/PONTY vs. GUI5"]
[Site "Birmingham ENG"]
[Date "2007.10.27"]
[Round "1.2"]
[White "Deswarte, Ian"]
[Black "Perrett, David"]
[Result "0-1"]
[WhiteElo "1935"]
[BlackElo "2032"]
[PlyCount "66"]
[EventDate "2007.10.27"]
[EventType "team"]
[EventRounds "11"]
[EventCountry "ENG"]
[SourceDate "2007.09.15"]

1. e4 Nf6 2. e5 Nd5 3. d4 d6 4. Nf3 g6 5. c4 Nb6 6. exd6 cxd6 7. Nc3 Bg7 8. h3
O-O 9. Be3 Nc6 10. Rc1 d5 11. b3 Bf5 12. Qd2 Rc8 13. Be2 dxc4 14. bxc4 e5 15.
d5 Nd4 16. Nxd4 exd4 17. Bxd4 Nxc4 18. Qf4 Bxd4 19. Qxd4 Qg5 20. O-O Bxh3 21.
g3 Bxf1 22. Rxf1 Nd6 23. Kg2 Rfe8 24. f4 Qe7 25. Bf3 Nf5 26. Qa4 Ne3+ 27. Kg1
Rxc3 28. d6 Qd8 29. Re1 Rd3 30. Qxa7 Rxd6 31. Rxe3 Rd2 32. Re5 Rxe5 33. fxe5
Qg5 0-1

[Event "4NCL/Div4/PONTY vs. GUI5"]
[Site "Birmingham ENG"]
[Date "2007.10.27"]
[Round "1.3"]
[White "Davis, Lee"]
[Black "Albrecht, Theo"]
[Result "1-0"]
[WhiteElo "2066"]
[BlackElo "1900"]
[PlyCount "63"]
[EventDate "2007.10.27"]
[EventType "team"]
[EventRounds "11"]
[EventCountry "ENG"]
[SourceDate "2007.09.15"]

1. d4 d6 2. Nf3 Nf6 3. g3 Nbd7 4. Bg2 e5 5. c4 c6 6. dxe5 dxe5 7. Nc3 Be7 8.
O-O O-O 9. Qc2 Qc7 10. b3 Re8 11. Bb2 Nf8 12. Ne4 Ng6 13. Nfg5 h6 14. Nxf6+
Bxf6 15. Ne4 Be7 16. Rad1 Be6 17. h4 f5 18. h5 Nf8 19. Nd2 Nd7 20. Bh3 Rf8 21.
e4 Bf7 22. Bxf5 Bxh5 23. g4 Bf7 24. Nf3 Be8 25. Bxd7 Rxf3 26. Bf5 g6 27. Qe2
Rh3 28. Kg2 Rh4 29. Be6+ Kh7 30. Qf3 Bg5 31. Qf8 Be7 32. Qg8# 1-0

[Event "4NCL/Div4/PONTY vs. GUI5"]
[Site "Birmingham ENG"]
[Date "2007.10.27"]
[Round "1.4"]
[White "Quinn, Joseph"]
[Black "Adams, Mark A"]
[Result "0-1"]
[WhiteElo "1758"]
[BlackElo "2023"]
[PlyCount "90"]
[EventDate "2007.10.27"]
[EventType "team"]
[EventRounds "11"]
[EventCountry "ENG"]
[SourceDate "2007.09.15"]

1. e4 c5 2. c3 d5 3. exd5 Qxd5 4. d4 Nc6 5. Nf3 Bg4 6. Be2 Nf6 7. h3 Bh5 8. O-O
cxd4 9. cxd4 e6 10. Be3 Bd6 11. Nc3 Qa5 12. Qb3 Qb4 13. Qc2 Rc8 14. Nb5 Bb8 15.
a3 Qe7 16. Rac1 a6 17. Nc3 O-O 18. Rfd1 Rfd8 19. Ne4 Nxe4 20. Qxe4 Bg6 21. Qh4
Qxh4 22. Nxh4 Be4 23. Bf3 Bd5 24. Bxd5 Rxd5 25. Nf3 f6 26. Rc5 Rcd8 27. Rxd5
Rxd5 28. Rd2 Kf7 29. Kf1 h6 30. Ke2 f5 31. g3 g5 32. Rd1 f4 33. gxf4 gxf4 34.
Bc1 Rh5 35. h4 Ne7 36. Rg1 Ng6 37. Rg4 Kf6 38. Kd3 Kf5 39. Rg1 Bd6 40. Kc4 Nxh4
41. Rh1 Be7 42. d5 exd5+ 43. Kxd5 Kg4+ 44. Ke6 Kxf3 45. Kxe7 Ng6+ 0-1

[Event "4NCL/Div4/PONTY vs. GUI5"]
[Site "Birmingham ENG"]
[Date "2007.10.27"]
[Round "1.5"]
[White "Gilbert, Jonathan A"]
[Black "Kokossis, Danae"]
[Result "1-0"]
[WhiteElo "2058"]
[BlackElo "1750"]
[PlyCount "85"]
[EventDate "2007.10.27"]
[EventType "team"]
[EventRounds "11"]
[EventCountry "ENG"]
[SourceDate "2007.09.15"]

1. d4 Nf6 2. c4 e6 3. Nc3 Bb4 4. Bg5 h6 5. Bh4 c5 6. e3 g5 7. Bg3 Ne4 8. Qc2 f5
9. Be5 O-O 10. f3 Nf6 11. Bd6 Rf7 12. O-O-O cxd4 13. Bxb4 dxc3 14. Bxc3 Nc6 15.
h4 g4 16. Ne2 b6 17. Nf4 Qc7 18. Be2 Ne5 19. b3 Bb7 {=} 20. Qb2 d6 21. Nxe6 Qe7
22. Bxe5 dxe5 23. Qxe5 Nd7 24. Qd6 Qxd6 25. Rxd6 Re8 26. Rhd1 Ne5 27. Nd8 Rh7
28. f4 Nf7 29. Rg6+ Rg7 30. Rxg7+ Kxg7 31. Nxb7 Rxe3 32. Bf1 Re4 33. c5 bxc5
34. Nxc5 Re3 35. Bc4 Re7 36. Bxf7 Kxf7 37. Rd7 Rxd7 38. Nxd7 Ke6 39. Ne5 Kd5
40. Kd2 Ke4 41. g3 h5 42. Ke2 Kd4 43. Nc6+ 1-0

[Event "4NCL/Div4/PONTY vs. GUI5"]
[Site "Birmingham ENG"]
[Date "2007.10.27"]
[Round "1.6"]
[White "Mills, Nigel"]
[Black "Davis, Ashley"]
[Result "0-1"]
[WhiteElo "1710"]
[BlackElo "1640"]
[PlyCount "77"]
[EventDate "2007.10.27"]
[EventType "team"]
[EventRounds "11"]
[EventCountry "ENG"]
[SourceDate "2007.09.15"]

1. e4 c5 2. Nf3 Nc6 3. Nc3 e6 4. d4 cxd4 5. Nxd4 a6 6. f4 Qc7 7. Nb3 f6 8. Bd3
Bd6 9. Qf3 b6 10. a3 Bb7 11. Be3 b5 12. Ne2 e5 13. f5 Nge7 14. Qh5+ g6 15. fxg6
Nxg6 16. Nc3 Nce7 17. Bh6 Rg8 18. g4 O-O-O 19. O-O Qb6+ 20. Kh1 b4 21. axb4
Bxb4 22. Na2 Nd5 23. c4 Ndf4 24. Bxf4 Nxf4 25. Rxf4 exf4 26. c5 Qe6 27. Nxb4
Qxb3 28. Bxa6 Qf3+ 29. Kg1 Rxg4+ 30. Qxg4 Qxg4+ 31. Kf2 Qh4+ 32. Kf3 Qh3+ 33.
Kxf4 Qxh2+ 34. Ke3 Qg3+ 35. Kd4 Qe5+ 36. Kc4 Qxe4+ 37. Kb5 Re8 38. Ra3 Qe2+ 39.
Kb6 0-1

[Event "4NCL/Div4/CONQ2 vs. GREN"]
[Site "Birmingham ENG"]
[Date "2007.10.27"]
[Round "1.1"]
[White "Ynojosa, Angelica M"]
[Black "Bennett, Dominic"]
[Result "0-1"]
[WhiteElo "1880"]
[BlackElo "2010"]
[PlyCount "108"]
[EventDate "2007.10.27"]
[EventType "team"]
[EventRounds "11"]
[EventCountry "ENG"]
[SourceDate "2007.09.15"]

1. e4 c5 2. c3 Nf6 3. e5 Nd5 4. d4 cxd4 5. cxd4 Nc6 6. Nf3 d6 7. Bc4 e6 8. O-O
Be7 9. Re1 O-O 10. Nc3 Nb6 11. Bb3 dxe5 12. dxe5 Qxd1 13. Rxd1 Nd7 14. Bf4 Nc5
15. Bc4 a6 16. a3 b5 17. Be2 f5 18. exf6 gxf6 19. b4 Nb7 20. Bh6 Rd8 21. Rac1
Bd7 22. Be3 Be8 23. Bb6 Rxd1+ 24. Rxd1 f5 25. Nb1 Rc8 26. Nd4 Nxd4 27. Bxd4 Bg5
28. Bf3 Bc6 29. Bxc6 Rxc6 30. Be3 Bxe3 31. fxe3 Nd6 32. Kf2 Kf7 33. Kf3 Kf6 34.
h4 Ne4 35. Rd8 Rc2 36. Nd2 Rxd2 37. Rxd2 Nxd2+ 38. Ke2 Nc4 39. Kd3 Nxa3 40. Kd4
Nc2+ 41. Kc5 Nxb4 42. Kxb4 Ke5 43. Kc3 Ke4 44. Kd2 b4 45. h5 h6 46. Ke2 a5 47.
Kd2 a4 48. g3 a3 49. Kc2 Kxe3 50. Kb1 Kf3 51. Ka2 Kxg3 52. Kb1 b3 53. Kc1 f4
54. Kb1 f3 0-1

[Event "4NCL/Div4/CONQ2 vs. GREN"]
[Site "Birmingham ENG"]
[Date "2007.10.28"]
[Round "1.2"]
[White "Paul, Barnaby"]
[Black "Hardy, Roger"]
[Result "1/2-1/2"]
[WhiteElo "1670"]
[BlackElo "2026"]
[PlyCount "63"]
[EventDate "2007.10.27"]
[EventType "team"]
[EventRounds "11"]
[EventCountry "ENG"]
[SourceDate "2007.09.15"]

1. c4 g6 2. g3 Bg7 3. Bg2 Nf6 4. e3 O-O 5. Ne2 e5 6. d4 d6 7. O-O c6 8. Nbc3 a5
9. b3 Na6 10. Bb2 Qe7 11. Qd2 e4 12. Na4 Qc7 13. Qc2 Re8 14. c5 d5 15. Nb6 Rb8
16. Nxc8 Rbxc8 17. a3 Ra8 18. Nf4 Qd7 19. Bh3 Qd8 20. Rad1 g5 21. Ne2 g4 22.
Bg2 h5 23. Qd2 Nc7 24. Bc3 Ne6 25. h3 Ng5 26. h4 Nf3+ 27. Bxf3 gxf3 28. Nf4 Qd7
29. Bxa5 Bh6 30. Kh2 Bxf4 31. exf4 Ng4+ 32. Kg1 1/2-1/2

[Event "4NCL/Div4/CONQ2 vs. GREN"]
[Site "Birmingham ENG"]
[Date "2007.10.27"]
[Round "1.3"]
[White "Hibbitt, Arthur M"]
[Black "O'Neill, Tom C"]
[Result "1-0"]
[WhiteElo "1950"]
[BlackElo "1551"]
[PlyCount "146"]
[EventDate "2007.10.27"]
[EventType "team"]
[EventRounds "11"]
[EventCountry "ENG"]
[SourceDate "2007.09.15"]

1. e4 c5 2. Nf3 Nc6 3. d4 cxd4 4. Nxd4 Qb6 5. Nb3 Nf6 6. Be3 Qc7 7. Nc3 e6 8.
Nb5 Qb8 9. Bc5 Bxc5 10. Nxc5 b6 11. Nd6+ Ke7 12. Nxc8+ Rxc8 13. Na6 Qe5 14. Be2
Nd4 15. c3 Nxe2 16. Qxe2 Qxe4 17. f3 Qxe2+ 18. Kxe2 Nd5 19. Rhd1 Rc4 20. a4
Rac8 21. g3 f5 22. h4 f4 23. g4 Ne3 24. Rd3 d5 25. Kd2 e5 26. b3 e4 27. fxe4
dxe4 28. bxc4 Nxc4+ 29. Kc2 exd3+ 30. Kxd3 Ne5+ 31. Ke4 Ke6 32. Kxf4 Rc4+ 33.
Ke3 Rxc3+ 34. Kd2 Rh3 35. Re1 Kd6 36. Kc2 Nxg4 37. Rd1+ Ke5 38. Rd8 Rxh4 39.
Nc7 Ne3+ 40. Kb3 a5 41. Re8+ Kd4 42. Ne6+ Kd3 43. Rd8+ Ke2 44. Nd4+ Kf2 45.
Rf8+ Kg2 46. Nf3 Rb4+ 47. Kc3 Nd5+ 48. Kd2 Rxa4 49. Ne1+ Kg3 50. Rf3+ Kg4 51.
Rf7 Ra2+ 52. Kc1 g5 53. Rxh7 a4 54. Nd3 Ra3 55. Ne5+ Kf4 56. Ng6+ Ke4 57. Rh5
g4 58. Rh4 Ne3 59. Rh8 g3 60. Re8+ Kf3 61. Rg8 g2 62. Nh4+ Kf2 63. Rf8+ Ke2 64.
Nxg2 Nxg2 65. Kb2 Rb3+ 66. Kc2 Ne3+ 67. Kc1 a3 68. Rh8 b5 69. Rh2+ Kd3 70. Rd2+
Kc3 71. Rd8 a2 72. Rc8+ Nc4 73. Ra8 Rb1# 1-0

[Event "4NCL/Div4/CONQ2 vs. GREN"]
[Site "Birmingham ENG"]
[Date "2007.10.28"]
[Round "1.4"]
[White "Muller, Anton"]
[Black "Foster, Caroline"]
[Result "1/2-1/2"]
[WhiteElo "1875"]
[BlackElo "1490"]
[PlyCount "47"]
[EventDate "2007.10.27"]
[EventType "team"]
[EventRounds "11"]
[EventCountry "ENG"]
[SourceDate "2007.09.15"]

1. e4 d5 2. exd5 Qxd5 3. Nc3 Qa5 4. d4 c6 5. Nf3 Nf6 6. Bd2 Bf5 7. Bc4 Nbd7 8.
O-O e6 9. Re1 Bb4 10. a3 Bxc3 11. Bxc3 Qc7 12. b4 b5 13. Bb3 O-O 14. Bb2 a6 15.
Rc1 Qd6 16. c4 a5 17. bxa5 Rxa5 18. Bc3 Rxa3 19. cxb5 cxb5 20. Bb2 Raa8 21. Qe2
Qb4 22. Qd1 Rac8 23. Ra1 Ra8 24. Rc1 1/2-1/2

[Event "4NCL/Div4/GREN vs. SSC"]
[Site "Birmingham ENG"]
[Date "2007.10.27"]
[Round "1.1"]
[White "Bennett, Dominic"]
[Black "Fryer, David W"]
[Result "1-0"]
[WhiteElo "2010"]
[BlackElo "2065"]
[PlyCount "95"]
[EventDate "2007.10.27"]
[EventType "team"]
[EventRounds "11"]
[EventCountry "ENG"]
[SourceDate "2007.09.15"]

1. c4 g6 2. g3 Bg7 3. Bg2 Nf6 4. Nc3 O-O 5. e3 e5 6. Nge2 d6 7. O-O c6 8. b3 a5
9. Bb2 Be6 10. d4 Na6 11. h3 h5 12. Qd2 Qc7 13. Na4 d5 14. c5 Ne4 15. Bxe4 dxe4
16. Kh2 Nb4 17. Nb6 Ra6 18. Bc3 Rd8 19. Bxb4 axb4 20. Qxb4 h4 21. Rfd1 exd4 22.
exd4 g5 23. a4 g4 24. Nf4 Bf5 25. Qc3 gxh3 26. b4 Qe7 27. Nc4 Bg4 28. Rd2 hxg3+
29. fxg3 Qd7 30. Nd6 Raa8 {RANGA2 Qe7} 31. Qe3 Rab8 32. a5 {Rd7 Ra1} Kh7 33.
Re1 f5 34. Qb3 Bh6 35. Rf2 Bxf4 36. Rxf4 Qg7 37. Qe3 Rf8 38. Rg1 Qg8 39. Re1 {
Rg7 Ref1} Qd5 40. Nxe4 Kh8 41. Rf2 {Rg6 Nd6} f4 42. gxf4 Be2 {Qe5+ Qxe5 fxe5}
43. Rg2 {Rxg2} Bf1 44. Rd2 Kg7 {e6 Kf6} 45. Rf2 {Ke7} Rf7 {
Rxf7 exf7 Kf8 Nxb7 Kxf7 Nd8+ Ke7 Nxc6+ Kd7 Ne5+ Kc7} 46. Kg1 Bg2 47. Kh2 Bf1 {
d5 Bg2 d6+ Kd8} 48. a6 {Kc8 d7+} 1-0

[Event "4NCL/Div4/GREN vs. SSC"]
[Site "Birmingham ENG"]
[Date "2007.10.28"]
[Round "1.2"]
[White "Hardy, Roger"]
[Black "Tucker, Andrew L"]
[Result "1/2-1/2"]
[WhiteElo "2026"]
[BlackElo "1957"]
[PlyCount "49"]
[EventDate "2007.10.27"]
[EventType "team"]
[EventRounds "11"]
[EventCountry "ENG"]
[SourceDate "2007.09.15"]

1. g3 g6 2. Nf3 Bg7 3. c4 Nf6 4. Bg2 d5 5. cxd5 Nxd5 6. O-O O-O 7. Nc3 Nb6 8.
d3 Nc6 9. Be3 e5 10. Bc5 Re8 11. Rc1 Be6 12. e3 h6 13. Qc2 f5 14. Rfd1 Qf6 15.
d4 e4 16. Nd2 Nd5 17. Nxd5 Bxd5 18. Nb1 Qf7 19. b3 Bf8 20. Bxf8 Rxf8 21. Bf1 g5
22. Nc3 Ne7 23. Nxd5 Nxd5 24. Bc4 c6 25. Bxd5 1/2-1/2

[Event "4NCL/Div4/GREN vs. SSC"]
[Site "Birmingham ENG"]
[Date "2007.10.27"]
[Round "1.3"]
[White "Woods, Tim"]
[Black "Hibbitt, Arthur M"]
[Result "1-0"]
[WhiteElo "1940"]
[BlackElo "1950"]
[PlyCount "59"]
[EventDate "2007.10.27"]
[EventType "team"]
[EventRounds "11"]
[EventCountry "ENG"]
[SourceDate "2007.09.15"]

1. e4 c5 2. Nf3 Nc6 3. d4 cxd4 4. Nxd4 Qb6 5. Nb3 Nf6 6. Nc3 e6 7. Be3 Qc7 8.
f3 a6 9. g4 d6 10. Qd2 Be7 11. O-O-O b5 12. h4 Ne5 13. Be2 Nc4 14. Qd4 Nxe3 15.
Qxe3 Bb7 16. Qg5 Rc8 17. Bd3 Rg8 18. Qd2 Nd7 19. f4 Nc5 20. Nxc5 dxc5 21. f5 b4
22. fxe6 fxe6 23. Bb5+ axb5 24. Nxb5 Qd8 25. Qh2 Qb6 26. Nd6+ Bxd6 27. Rxd6 Qc7
28. Qe5 Qf7 29. Rxe6+ Kf8 30. Qd6+ 1-0

[Event "4NCL/Div4/GREN vs. SSC"]
[Site "Birmingham ENG"]
[Date "2007.10.28"]
[Round "1.4"]
[White "Squibbs, Adam"]
[Black "Muller, Anton"]
[Result "1/2-1/2"]
[WhiteElo "1815"]
[BlackElo "1875"]
[PlyCount "71"]
[EventDate "2007.10.27"]
[EventType "team"]
[EventRounds "11"]
[EventCountry "ENG"]
[SourceDate "2007.09.15"]

1. c4 Nf6 2. Nc3 d5 3. cxd5 Nxd5 4. g3 g6 5. Bg2 Nxc3 6. bxc3 Bg7 7. Rb1 c6 8.
Nf3 O-O 9. O-O Nd7 10. c4 Qa5 11. Qb3 e5 12. d3 Re8 13. Ng5 Qc7 14. Ba3 Nf6 15.
Rfe1 h6 16. Ne4 Nxe4 17. Bxe4 Qb6 18. Qa4 Qc7 19. Qb3 Qb6 20. Qc2 Qa6 21. Bb2
Be6 22. Bc3 Rad8 23. Qb2 Rd7 24. Bxe5 Bxe5 25. Qxe5 Rde7 26. Qc3 Bxc4 27. Bxc6
Qxc6 28. Qxc4 Qxc4 29. dxc4 Rxe2 30. Rxe2 Rxe2 31. Rxb7 Rxa2 32. c5 Rc2 33. Rc7
a5 34. c6 a4 35. Ra7 Rxc6 36. Rxa4 1/2-1/2

[Event "4NCL/Div4/GREN vs. SSC"]
[Site "Birmingham ENG"]
[Date "2007.10.27"]
[Round "1.5"]
[White "Papier, Alan"]
[Black "Yates, Christopher"]
[Result "1-0"]
[WhiteElo "1875"]
[BlackElo "1680"]
[PlyCount "67"]
[EventDate "2007.10.27"]
[EventType "team"]
[EventRounds "11"]
[EventCountry "ENG"]
[SourceDate "2007.09.15"]

1. d4 d5 2. Nf3 Nf6 3. e3 e6 4. Bd3 Nbd7 5. b3 Be7 6. O-O O-O 7. Bb2 c5 8. Nbd2
b6 9. Ne5 Bb7 10. Qf3 cxd4 11. exd4 Bb4 12. Rad1 Bxd2 13. Rxd2 Ne4 14. Qh3 Ndf6
15. Re2 Rc8 16. Ba3 Re8 17. Bb5 Nc3 18. Qd3 Nxe2+ 19. Qxe2 Ne4 20. Bxe8 Qxe8
21. Bb2 Rc7 22. f3 Nd6 23. Rd1 Qc8 24. Rd2 Ba6 25. Qf2 b5 26. Nd3 Nb7 27. Ba3
Qb8 28. Nb4 Qc8 29. Nxa6 Rd7 30. Nc5 Nxc5 31. Bxc5 Qa6 32. c3 Qa5 33. Rc2 Rb7
34. g4 1-0

[Event "4NCL/Div4/GREN vs. SSC"]
[Site "Birmingham ENG"]
[Date "2007.10.28"]
[Round "1.6"]
[White "Jennings, Michael"]
[Black "Fryer, Kieran"]
[Result "1-0"]
[WhiteElo "1780"]
[BlackElo "1560"]
[PlyCount "49"]
[EventDate "2007.10.27"]
[EventType "team"]
[EventRounds "11"]
[EventCountry "ENG"]
[SourceDate "2007.09.15"]

1. e4 d5 2. exd5 Qxd5 3. Nc3 Qa5 4. d4 c6 5. Nf3 Nf6 6. Bc4 Bg4 7. Bd2 Nbd7 8.
Qe2 e6 9. h3 Bxf3 10. Qxf3 Be7 11. O-O O-O 12. Bb3 Rab8 13. Bf4 e5 14. dxe5
Nxe5 15. Qe2 Bd6 16. Rad1 Bc7 17. Rd2 Rfe8 18. Qd1 Rbd8 19. Re1 Rxd2 20. Qxd2
Ng6 21. Rxe8+ Nxe8 22. Bxc7 Qxc7 23. Qe3 Nf6 24. Qxa7 Ne5 25. Qa8+ 1-0

[Event "4NCL/Div4/SSC vs. CONQ2"]
[Site "Birmingham ENG"]
[Date "2007.10.27"]
[Round "1.1"]
[White "Fryer, David W"]
[Black "Paul, Barnaby"]
[Result "1-0"]
[WhiteElo "2065"]
[BlackElo "1670"]
[PlyCount "73"]
[EventDate "2007.10.27"]
[EventType "team"]
[EventRounds "11"]
[EventCountry "ENG"]
[SourceDate "2007.09.15"]

1. e4 e5 2. Bc4 Nf6 3. d3 Nc6 4. Nc3 Bb4 5. Nge2 d5 6. exd5 Nxd5 7. O-O Be6 8.
Ne4 h6 9. a3 Be7 10. Bd2 Qd7 11. b4 a6 12. Ba2 b5 13. f4 O-O 14. f5 Bxf5 15.
Bxd5 Qxd5 16. Rxf5 Nd4 17. Nxd4 Qxd4+ 18. Kh1 Kh7 19. Rf1 f5 20. Ng3 g6 21. Qe1
Bd6 22. Ne2 Qd5 23. Qh4 f4 24. Nc3 Qe6 25. Ne4 Be7 26. Qe1 Rad8 27. Bxf4 Bd6
28. Nxd6 cxd6 29. Be3 Rxf1+ 30. Qxf1 Qe7 31. Qe2 Rf8 32. Rf1 Rxf1+ 33. Qxf1 Kg7
34. h3 e4 35. Bd4+ Kg8 36. dxe4 Qxe4 37. Qf6 1-0

[Event "4NCL/Div4/SSC vs. CONQ2"]
[Site "Birmingham ENG"]
[Date "2007.10.28"]
[Round "1.2"]
[White "Tucker, Andrew L"]
[Black "Ynojosa, Angelica M"]
[Result "1/2-1/2"]
[WhiteElo "1957"]
[BlackElo "1880"]
[PlyCount "69"]
[EventDate "2007.10.27"]
[EventType "team"]
[EventRounds "11"]
[EventCountry "ENG"]
[SourceDate "2007.09.15"]

1. d4 d5 2. Bg5 g6 3. e3 Bf5 4. Nd2 Bg7 5. f4 c6 6. Ngf3 Qc7 7. c4 Qb6 8. Qb3
Nd7 9. cxd5 Qxb3 10. Nxb3 cxd5 11. Bb5 a6 12. Bxd7+ Bxd7 13. O-O Nf6 14. Bxf6
Bxf6 15. a4 O-O 16. Nc5 Bc6 17. Ne5 Bxe5 18. fxe5 b6 19. Nd3 a5 20. Rfc1 Rfc8
21. e6 fxe6 22. Ne5 Be8 23. b3 Kg7 24. Kf2 Kf6 25. Ke1 Rxc1+ 26. Rxc1 b5 27.
axb5 Bxb5 28. Ra1 a4 29. bxa4 Rxa4 30. Rxa4 Bxa4 31. Kf2 h5 32. g3 Kf5 33. h3
Kf6 34. g4 h4 35. Nf3 1/2-1/2

[Event "4NCL/Div4/SSC vs. CONQ2"]
[Site "Birmingham ENG"]
[Date "2007.10.27"]
[Round "1.3"]
[White "Foster, Caroline"]
[Black "Woods, Tim"]
[Result "1/2-1/2"]
[WhiteElo "1490"]
[BlackElo "1940"]
[PlyCount "44"]
[EventDate "2007.10.27"]
[EventType "team"]
[EventRounds "11"]
[EventCountry "ENG"]
[SourceDate "2007.09.15"]

1. d4 d6 2. Nf3 g6 3. g3 Bg7 4. Bf4 Nf6 5. Bg2 O-O 6. O-O a6 7. Nbd2 Nbd7 8. c3
Nh5 9. Be3 e5 10. Qc2 Qe8 11. Nh4 Rb8 12. Bf3 Nhf6 13. Rad1 Nb6 14. c4 exd4 15.
Bxd4 Nbd7 16. e4 Ne5 17. Bg2 Nc6 18. Bc3 Be6 19. b3 Qc8 20. Rfe1 Bh3 21. Nhf3
Nh5 22. Qb2 Bxc3 1/2-1/2

[Event "4NCL/Div4/SSC vs. CONQ2"]
[Site "Birmingham ENG"]
[Date "2007.10.28"]
[Round "1.4"]
[White "O'Neill, Tom C"]
[Black "Squibbs, Adam"]
[Result "1-0"]
[WhiteElo "1551"]
[BlackElo "1815"]
[PlyCount "80"]
[EventDate "2007.10.27"]
[EventType "team"]
[EventRounds "11"]
[EventCountry "ENG"]
[SourceDate "2007.09.15"]

1. e4 c5 2. Nf3 d6 3. d4 cxd4 4. Nxd4 Nf6 5. Nc3 g6 6. Bg5 Bg7 7. Qd2 Nc6 8.
Bb5 Bd7 9. O-O-O O-O 10. Bxc6 bxc6 11. Bh6 Rb8 12. Bxg7 Kxg7 13. h4 c5 14. Nde2
Qb6 15. b3 c4 16. h5 Nxh5 17. Rxh5 gxh5 18. Qg5+ Kh8 19. Qxe7 Qxf2 20. Qxd7
cxb3 21. axb3 Rfd8 22. Qa4 Rbc8 23. Qa1 Qf6 24. Rd5 Rc5 25. Rd4 Rdc8 26. Rxd6
Qxd6 27. Nd5+ f6 28. c4 a6 29. Nef4 h4 30. Nh5 Rxd5 31. exd5 Re8 32. Qxf6+ Qxf6
33. Nxf6 Rf8 34. Ne4 Re8 35. Nf6 Rf8 36. Ng4 h5 37. Ne5 Kg7 38. Kd1 Rb8 39. Kc2
Re8 40. d6 Kf6 1-0

[Event "4NCL/Div4/repaired - friendly"]
[Site "Birmingham ENG"]
[Date "2007.10.27"]
[Round "1"]
[White "Fathallah, Joe"]
[Black "Yates, Christopher"]
[Result "1-0"]
[WhiteElo "1971"]
[BlackElo "1680"]
[PlyCount "87"]
[EventDate "2007.10.27"]
[EventType "game"]
[EventCountry "ENG"]
[SourceDate "2007.09.15"]

1. d4 d5 2. c4 e6 3. Nc3 Nf6 4. Bg5 Nbd7 5. e3 Be7 6. Nf3 O-O 7. cxd5 exd5 8.
Bd3 c6 9. Qc2 Re8 10. O-O Nf8 11. Ne5 g6 12. f4 Ng4 13. Bxe7 Qxe7 14. Rf3 Nh6
15. Rg3 Nf5 16. Bxf5 Bxf5 17. Qxf5 Ne6 18. Qh3 Ng7 19. Rf1 f5 20. Rgf3 Qe6 21.
g4 Rf8 22. Rg3 fxg4 23. Qxg4 Qxg4 24. Rxg4 Nf5 25. Kf2 Rad8 26. b4 Nd6 27. Rfg1
Rf6 28. h4 Kh8 29. Rh1 Rg8 30. Ke2 h6 31. Rhg1 Kh7 32. h5 g5 33. fxg5 Rxg5 34.
Rxg5 hxg5 35. Rxg5 Kh6 36. Rg6+ Rxg6 37. hxg6 Nc4 38. Nxc4 dxc4 39. b5 Kxg6 40.
bxc6 bxc6 41. e4 Kf6 42. Ke3 Ke6 43. Na4 Kd6 44. Kd2 1-0